000 00195nam a2200085Ia 4500
008 120527s9999 xx 000 0 und d
100 _aKEETON,T.William
245 _bBiological sciences.
942 _cBK
999 _c9278
_d9278